=LDR 00000nam 2200000 4500 =001 000334 =005 20250710023402 =035 ##$$a 0010-0725000188 =007 ta =008 250710################a##########0#ind## =020 ##$$a 978-623-307-482-7 =082 ##$$a 398.209 598 =084 ##$$a 398.209 598 KAP p =100 #$$a Kapur, Aparna =245 1#$$a Petualangan Gum Gum yang Menyenangkan /$c Aparna Kapur =250 ##$$a cetakan pertama =260 ##$$a Jakarta Timur :$b Badan pengembangan dan pembinaan bahasa,$c 2022 =300 ##$$a 19 hlm. : $b ilus. ; $c 29 cm$e 398.209 598 =650 #4$$a Cerita anak indonesia-terjemahan =856 ##$$a TBM As Suhada =990 ##$$a TBM00380038